000 00789nam a2200133Ia 4500
008 171212s9999 xx 000 0 und d
020 _a9780833041487
100 _aFarley, Donna O.;Morton, Sally C.;Damberg, Cheryl L.;Ridgely, M. Susan;Fremont, Allen
245 _cFarley, Donna O.;Morton, Sally C.;Damberg, Cheryl L.;Ridgely, M. Susan;Fremont, Allen
_aAssessment of the AHRQ Patient Safety Initiative
_bMoving from Research to Practice Evaluation Report II (2003-2004)
260 _bRAND Corporation
_c2007
650 _aHealth Sciences
650 _aMedical errors -- Prevention -- Government policy -- United States; Iatrogenic diseases -- Prevention -- Government policy -- United States; Patients -- United States -- safety measures
856 _uwww.jstor.org/stable/10.7249/tr463ahrq
999 _c351780
_d351780